<?xml version="1.0" encoding="UTF-8"?>
<collection xmlns="http://www.loc.gov/MARC21/slim">
 <record>
  <leader>03982cam a2200793   4500</leader>
  <controlfield tag="001">025483994</controlfield>
  <controlfield tag="003">DE-627</controlfield>
  <controlfield tag="005">20240330184421.0</controlfield>
  <controlfield tag="007">tu</controlfield>
  <controlfield tag="008">921208s1971    gw ||||| m    00| ||ger c</controlfield>
  <datafield tag="015" ind1=" " ind2=" ">
   <subfield code="a">72,A16,0218</subfield>
   <subfield code="2">dnb</subfield>
  </datafield>
  <datafield tag="020" ind1=" " ind2=" ">
   <subfield code="a">3422006451</subfield>
   <subfield code="9">3-422-00645-1</subfield>
  </datafield>
  <datafield tag="035" ind1=" " ind2=" ">
   <subfield code="a">(DE-627)025483994</subfield>
  </datafield>
  <datafield tag="035" ind1=" " ind2=" ">
   <subfield code="a">(DE-576)027355918</subfield>
  </datafield>
  <datafield tag="035" ind1=" " ind2=" ">
   <subfield code="a">(DE-599)GBV025483994</subfield>
  </datafield>
  <datafield tag="035" ind1=" " ind2=" ">
   <subfield code="a">(OCoLC)1446877</subfield>
  </datafield>
  <datafield tag="035" ind1=" " ind2=" ">
   <subfield code="a">(OCoLC)250823098</subfield>
  </datafield>
  <datafield tag="035" ind1=" " ind2=" ">
   <subfield code="a">(OCoLC)01446877</subfield>
  </datafield>
  <datafield tag="035" ind1=" " ind2=" ">
   <subfield code="a">(OCoLC)1070301790</subfield>
  </datafield>
  <datafield tag="040" ind1=" " ind2=" ">
   <subfield code="a">DE-627</subfield>
   <subfield code="b">ger</subfield>
   <subfield code="c">DE-627</subfield>
   <subfield code="e">rakwb</subfield>
  </datafield>
  <datafield tag="041" ind1=" " ind2=" ">
   <subfield code="a">ger</subfield>
  </datafield>
  <datafield tag="044" ind1=" " ind2=" ">
   <subfield code="c">XA-DE</subfield>
   <subfield code="c">XA-DE-BY</subfield>
  </datafield>
  <datafield tag="084" ind1=" " ind2=" ">
   <subfield code="a">12a</subfield>
   <subfield code="2">sdnb</subfield>
  </datafield>
  <datafield tag="084" ind1=" " ind2=" ">
   <subfield code="a">9,10</subfield>
   <subfield code="2">ssgn</subfield>
  </datafield>
  <datafield tag="084" ind1=" " ind2=" ">
   <subfield code="a">LH 78993</subfield>
   <subfield code="2">rvk</subfield>
   <subfield code="0">(DE-625)rvk/95090:5</subfield>
  </datafield>
  <datafield tag="084" ind1=" " ind2=" ">
   <subfield code="a">NF 6430</subfield>
   <subfield code="2">rvk</subfield>
   <subfield code="0">(DE-625)rvk/125264:1193</subfield>
  </datafield>
  <datafield tag="084" ind1=" " ind2=" ">
   <subfield code="a">21.85</subfield>
   <subfield code="2">bkl</subfield>
  </datafield>
  <datafield tag="084" ind1=" " ind2=" ">
   <subfield code="a">15.19</subfield>
   <subfield code="2">bkl</subfield>
  </datafield>
  <datafield tag="084" ind1=" " ind2=" ">
   <subfield code="a">15.18</subfield>
   <subfield code="2">bkl</subfield>
  </datafield>
  <datafield tag="100" ind1="1" ind2=" ">
   <subfield code="a">Fingerlin, Ilse</subfield>
   <subfield code="d">1935-2016</subfield>
   <subfield code="e">VerfasserIn</subfield>
   <subfield code="0">(DE-588)1049654781</subfield>
   <subfield code="0">(DE-627)782416098</subfield>
   <subfield code="0">(DE-576)168727064</subfield>
   <subfield code="4">aut</subfield>
  </datafield>
  <datafield tag="245" ind1="1" ind2="0">
   <subfield code="a">Gürtel des hohen und späten Mittelalters</subfield>
   <subfield code="c">Ilse Fingerlin</subfield>
  </datafield>
  <datafield tag="264" ind1=" " ind2="1">
   <subfield code="a">(München, Berlin [West])</subfield>
   <subfield code="b">Deutscher Kunstverlag</subfield>
   <subfield code="c">1971</subfield>
  </datafield>
  <datafield tag="300" ind1=" " ind2=" ">
   <subfield code="a">495 Seiten</subfield>
   <subfield code="b">Illustrationen</subfield>
   <subfield code="c">8-o</subfield>
  </datafield>
  <datafield tag="336" ind1=" " ind2=" ">
   <subfield code="a">Text</subfield>
   <subfield code="b">txt</subfield>
   <subfield code="2">rdacontent</subfield>
  </datafield>
  <datafield tag="337" ind1=" " ind2=" ">
   <subfield code="a">ohne Hilfsmittel zu benutzen</subfield>
   <subfield code="b">n</subfield>
   <subfield code="2">rdamedia</subfield>
  </datafield>
  <datafield tag="338" ind1=" " ind2=" ">
   <subfield code="a">Band</subfield>
   <subfield code="b">nc</subfield>
   <subfield code="2">rdacarrier</subfield>
  </datafield>
  <datafield tag="490" ind1="1" ind2=" ">
   <subfield code="a">Kunstwissenschaftliche Studien</subfield>
   <subfield code="v">46</subfield>
  </datafield>
  <datafield tag="502" ind1=" " ind2=" ">
   <subfield code="a">Zugl.: Freiburg (Breisgau), Univ., Diss., 1967</subfield>
  </datafield>
  <datafield tag="583" ind1="1" ind2=" ">
   <subfield code="a">Archivierung/Langzeitarchivierung gewährleistet</subfield>
   <subfield code="c">20211213</subfield>
   <subfield code="f">DISS</subfield>
   <subfield code="2">pdager</subfield>
   <subfield code="5">DE-25</subfield>
  </datafield>
  <datafield tag="583" ind1="1" ind2=" ">
   <subfield code="a">Archivierung/Langzeitarchivierung gewährleistet</subfield>
   <subfield code="f">SSG</subfield>
   <subfield code="x">XA-DE-BW</subfield>
   <subfield code="2">pdager</subfield>
   <subfield code="5">DE-16</subfield>
  </datafield>
  <datafield tag="655" ind1=" " ind2="7">
   <subfield code="a">Hochschulschrift</subfield>
   <subfield code="0">(DE-588)4113937-9</subfield>
   <subfield code="0">(DE-627)105825778</subfield>
   <subfield code="0">(DE-576)209480580</subfield>
   <subfield code="2">gnd-content</subfield>
  </datafield>
  <datafield tag="689" ind1="1" ind2="0">
   <subfield code="d">s</subfield>
   <subfield code="0">(DE-588)4158508-2</subfield>
   <subfield code="0">(DE-627)10549254X</subfield>
   <subfield code="0">(DE-576)209842784</subfield>
   <subfield code="a">Gürtel</subfield>
   <subfield code="2">gnd</subfield>
  </datafield>
  <datafield tag="689" ind1="1" ind2=" ">
   <subfield code="5">DE-101</subfield>
  </datafield>
  <datafield tag="689" ind1="0" ind2="0">
   <subfield code="d">s</subfield>
   <subfield code="0">(DE-588)4179832-6</subfield>
   <subfield code="0">(DE-627)105330558</subfield>
   <subfield code="0">(DE-576)209994002</subfield>
   <subfield code="a">Schnalle</subfield>
   <subfield code="2">gnd</subfield>
  </datafield>
  <datafield tag="689" ind1="0" ind2="1">
   <subfield code="a">z</subfield>
   <subfield code="2">gnd</subfield>
   <subfield code="a">Geschichte 1200-1550</subfield>
  </datafield>
  <datafield tag="689" ind1="0" ind2=" ">
   <subfield code="5">(DE-627)</subfield>
  </datafield>
  <datafield tag="689" ind1="2" ind2="0">
   <subfield code="d">s</subfield>
   <subfield code="0">(DE-588)4158508-2</subfield>
   <subfield code="0">(DE-627)10549254X</subfield>
   <subfield code="0">(DE-576)209842784</subfield>
   <subfield code="a">Gürtel</subfield>
   <subfield code="2">gnd</subfield>
  </datafield>
  <datafield tag="689" ind1="2" ind2="1">
   <subfield code="a">z</subfield>
   <subfield code="2">gnd</subfield>
   <subfield code="a">Geschichte 1200-1550</subfield>
  </datafield>
  <datafield tag="689" ind1="2" ind2=" ">
   <subfield code="5">(DE-627)</subfield>
  </datafield>
  <datafield tag="751" ind1=" " ind2=" ">
   <subfield code="a">Freiburg im Breisgau</subfield>
   <subfield code="0">(DE-588)4018272-1</subfield>
   <subfield code="0">(DE-627)106326686</subfield>
   <subfield code="0">(DE-576)208923535</subfield>
   <subfield code="4">uvp</subfield>
  </datafield>
  <datafield tag="787" ind1="0" ind2="8">
   <subfield code="i">Rezensiert in</subfield>
   <subfield code="a">Wilckens, Leonie von, 1921 - 1997</subfield>
   <subfield code="t">[Rezension von: Ilse Fingerlin, Gürtel des hohen und späten Mittelalters]</subfield>
   <subfield code="d">Nürnberg : Carl, 1973</subfield>
   <subfield code="w">(DE-627)1692438123</subfield>
  </datafield>
  <datafield tag="830" ind1=" " ind2="0">
   <subfield code="a">Kunstwissenschaftliche Studien</subfield>
   <subfield code="v">46</subfield>
   <subfield code="9">46</subfield>
   <subfield code="w">(DE-627)13019607X</subfield>
   <subfield code="w">(DE-576)000863149</subfield>
   <subfield code="w">(DE-600)530622-X</subfield>
   <subfield code="x">0170-9186</subfield>
   <subfield code="7">ns</subfield>
  </datafield>
  <datafield tag="889" ind1=" " ind2=" ">
   <subfield code="w">(DE-576)451930452</subfield>
  </datafield>
  <datafield tag="889" ind1=" " ind2=" ">
   <subfield code="w">(DE-627)403574498</subfield>
  </datafield>
  <datafield tag="935" ind1=" " ind2=" ">
   <subfield code="i">mdedup</subfield>
  </datafield>
  <datafield tag="935" ind1=" " ind2=" ">
   <subfield code="i">Blocktest</subfield>
  </datafield>
  <datafield tag="936" ind1="r" ind2="v">
   <subfield code="a">LH 78993</subfield>
   <subfield code="b">gotisch</subfield>
   <subfield code="k">Kunstgeschichte</subfield>
   <subfield code="k">Allgemeines. Allgemeine Kunstgeschichte</subfield>
   <subfield code="k">Kunstgeschichte einzelner Gattungen der Kunst</subfield>
   <subfield code="k">Kunstgewerbe</subfield>
   <subfield code="k">Ordnung nach Gattungen</subfield>
   <subfield code="k">Kleidung, Kostüm und Mode</subfield>
   <subfield code="k">Allgemeine Darstellungen, Abbildungswerke</subfield>
   <subfield code="k">gotisch</subfield>
   <subfield code="0">(DE-627)1272445690</subfield>
   <subfield code="0">(DE-625)rvk/95090:5</subfield>
   <subfield code="0">(DE-576)202445690</subfield>
  </datafield>
  <datafield tag="936" ind1="r" ind2="v">
   <subfield code="a">NF 6430</subfield>
   <subfield code="b">Kulturgeschichte und Siedlungsarchäologie</subfield>
   <subfield code="k">Geschichte</subfield>
   <subfield code="k">Ur- und Frühgeschichte / Prähistorische Archäologie</subfield>
   <subfield code="k">Allgemeine und europäische Ur- und Frühgeschichte nach Epochen</subfield>
   <subfield code="k">Archäologie des Mittelalters (ab 800 n. Chr.)</subfield>
   <subfield code="k">Europa</subfield>
   <subfield code="k">Kulturgeschichte und Siedlungsarchäologie</subfield>
   <subfield code="0">(DE-627)127152712X</subfield>
   <subfield code="0">(DE-625)rvk/125264:1193</subfield>
   <subfield code="0">(DE-576)20152712X</subfield>
  </datafield>
  <datafield tag="936" ind1="b" ind2="k">
   <subfield code="a">21.85</subfield>
   <subfield code="j">Modedesign</subfield>
   <subfield code="0">(DE-627)106421301</subfield>
  </datafield>
  <datafield tag="936" ind1="b" ind2="k">
   <subfield code="a">15.19</subfield>
   <subfield code="j">Vor- und Frühgeschichte</subfield>
   <subfield code="q">coli-conc RVK-&gt;BK</subfield>
   <subfield code="q">https://coli-conc.gbv.de/api/mappings/86628ea8-ce7c-4261-a534-79c6ddd79ae8</subfield>
   <subfield code="0">(DE-627)10640329X</subfield>
  </datafield>
  <datafield tag="936" ind1="b" ind2="k">
   <subfield code="a">15.18</subfield>
   <subfield code="j">Mittelalterliche Archäologie</subfield>
   <subfield code="j">neuzeitliche Archäologie</subfield>
   <subfield code="q">coli-conc RVK-&gt;BK</subfield>
   <subfield code="q">https://coli-conc.gbv.de/api/mappings/723f117a-f0b9-4496-9bb6-d3a64d14f0f1</subfield>
   <subfield code="0">(DE-627)10641416X</subfield>
  </datafield>
  <datafield tag="951" ind1=" " ind2=" ">
   <subfield code="a">BO</subfield>
  </datafield>
  <datafield tag="990" ind1=" " ind2=" ">
   <subfield code="a">Gürtel</subfield>
  </datafield>
  <datafield tag="990" ind1=" " ind2=" ">
   <subfield code="a">Schnalle</subfield>
  </datafield>
  <datafield tag="990" ind1=" " ind2=" ">
   <subfield code="a">Geschichte 1200-1550</subfield>
  </datafield>
  <datafield tag="990" ind1=" " ind2=" ">
   <subfield code="a">Gürtel</subfield>
  </datafield>
  <datafield tag="990" ind1=" " ind2=" ">
   <subfield code="a">Geschichte 1200-1550</subfield>
  </datafield>
  <datafield tag="991" ind1=" " ind2=" ">
   <subfield code="a">Rezensiertes Werk</subfield>
  </datafield>
  <datafield tag="999" ind1=" " ind2=" ">
   <subfield code="a">KXP-PPN025483994</subfield>
   <subfield code="e">4054719791</subfield>
  </datafield>
 </record>
</collection>
